[Event "Twente Young Master op-D"]
[Site "Twente"]
[Date "2007.08.10"]
[Round "11"]
[White "Bosboom, Ardin"]
[Black "Van Maas de Bie, Florian"]
[Result "1-0"]
[WhiteElo "918"]
[BlackElo "977"]
[PlyCount "49"]
[EventDate "2007.08.06"]
[EventType "swiss"]
[EventRounds "13"]
[EventCountry "NED"]
[SourceTitle "EXT 2008"]
[Source "ChessBase"]
[SourceDate "2007.11.25"]
[SourceVersion "1"]
[SourceVersionDate "2007.11.25"]
[SourceQuality "1"]

1. e4 e5 2. Nf3 Nc6 3. Bc4 Nf6 4. Nc3 Bb4 5. Ng5 0-0 6. 0-0 d6 7. h3 Nd4 8. d3 Bd7 9. Be3 a6 10. Nd5 a5 11. c3 Bc5 12. cxd4 exd4 13. Bd2 c6 14. Nxf6+ Qxf6 15. Nf3 b5 16. Bb3 a4 17. Bc2 Rfb8 18. b3 Qe6 19. bxa4 b4 20. Bb3 Qe8 21. Ng5 Be6 22. Qh5 g6 23. Qxh7+ Kf8 24. Nxe6+ fxe6 25. Bh6# 1-0

[Event "Twente Young Master op-D"]
[Site "Twente"]
[Date "2007.08.10"]
[Round "10"]
[White "Van Maas de Bie, Florian"]
[Black "Agirman, Burak"]
[Result "1-0"]
[WhiteElo "977"]
[BlackElo "600"]
[PlyCount "83"]
[EventDate "2007.08.06"]
[EventType "swiss"]
[EventRounds "13"]
[EventCountry "NED"]
[SourceTitle "EXT 2008"]
[Source "ChessBase"]
[SourceDate "2007.11.25"]
[SourceVersion "1"]
[SourceVersionDate "2007.11.25"]
[SourceQuality "1"]

1. Nf3 e6 2. e4 d5 3. Nc3 Nc6 4. e5 d4 5. Ne4 Qd5 6. Bd3 Nxe5 7. 0-0 Nxf3+ 8. Qxf3 Nf6 9. b3 e5 10. Re1 Bg4 11. Qg3 h5 12. Bb2 Rd8 13. f3 Bf5 14. c3 c5 15. c4 Qc6 16. Qxe5+ Qe6 17. Qxc5 Bxc5 18. Nxc5 Qxe1+ 19. Rxe1+ Kf8 20. Bxf5 g6 21. Nxb7 Rb8 22. Be4 Nxe4 23. Rxe4 Rxb7 24. Bxd4 Rd7 25. Bxh8 Rxd2 26. Bf6 Rd1+ 27. Kf2 Rd2+ 28. Re2 Rxe2+ 29. Kxe2 a5 30. c5 a4 31. bxa4 g5 32. Bxg5 h4 33. Bxh4 Kg7 34. c6 Kg6 35. c7 Kh5 36. g3 f5 37. c8Q f4 38. Qg4+ Kh6 39. gxf4 Kh7 40. f5 Kh8 41. Bf6+ Kh7 42. Qg7# 1-0

[Event "Twente Young Master op-D"]
[Site "Twente"]
[Date "2007.08.07"]
[Round "2"]
[White "Borkent, Daniel"]
[Black "Van Maas de Bie, Florian"]
[Result "1-0"]
[WhiteElo "1264"]
[BlackElo "977"]
[PlyCount "79"]
[EventDate "2007.08.06"]
[EventType "swiss"]
[EventRounds "13"]
[EventCountry "NED"]
[SourceTitle "EXT 2008"]
[Source "ChessBase"]
[SourceDate "2007.11.25"]
[SourceVersion "1"]
[SourceVersionDate "2007.11.25"]
[SourceQuality "1"]

1. d4 d5 2. Bf4 Nc6 3. e3 Bf5 4. a3 Nf6 5. Nc3 h6 6. Nf3 g5 7. Be5 Nxe5 8. Nxe5 e6 9. Bd3 Bd6 10. Bxf5 exf5 11. Qe2 c6 12. 0-0 Qe7 13. f4 g4 14. Na4 Ne4 15. Qd3 g3 16. h3 f6 17. Ng6 Qg7 18. Nxh8 Qxh8 19. Nc3 0-0-0 20. Nxe4 fxe4 21. Qe2 h5 22. Rac1 h4 23. Qg4+ Rd7 24. c4 dxc4 25. Rxc4 Kc7 26. d5 c5 27. b4 b6 28. bxc5 bxc5 29. Qe6 Re7 30. Qf5 a6 31. Rxe4 Rxe4 32. Qxe4 Qf8 33. Qh7+ Kb6 34. Rb1+ Ka5 35. Qc2 Qc8 36. Qc3+ Ka4 37. Qc4+ Ka5 38. a4 Qf5 39. Rb5+ axb5 40. Qxb5# 1-0

[Event "Twente Young Master op-D"]
[Site "Twente"]
[Date "2007.08.06"]
[Round "1"]
[White "Van Maas de Bie, Florian"]
[Black "Van der Gouw, Sharitha"]
[Result "0-1"]
[WhiteElo "977"]
[BlackElo "1480"]
[PlyCount "32"]
[EventDate "2007.08.06"]
[EventType "swiss"]
[EventRounds "13"]
[EventCountry "NED"]
[SourceTitle "EXT 2008"]
[Source "ChessBase"]
[SourceDate "2007.11.25"]
[SourceVersion "1"]
[SourceVersionDate "2007.11.25"]
[SourceQuality "1"]

1. e4 e5 2. Nf3 Nc6 3. Nc3 Nf6 4. Bb5 Nd4 5. d3 Bb4 6. Bd2 Bxc3 7. Bxc3 Nxb5 8. Bxe5 d6 9. Bxf6 Qxf6 10. 0-0 Bg4 11. g3 Nd4 12. Qc1 Ne2+ 13. Kg2 Nxc1 14. Raxc1 Qxf3+ 15. Kg1 Bh3 16. Rfd1 Qg2# 0-1